00319pab a2200133 454500008004000000100001700040245004000057260000900097300001300106650001600119650001100135700002000146773001900166180718b2003 xxu||||| |||| 00| 0 eng d aWatson, John aPolice recruitment: the way forward c2003 ap.14-29. aRecruitment aPolice aRobinson, Emily aPolice Journal